KOHA-Header-6

Modern Compiler Design (Record no. 2331)

000 -LEADER
fixed length control field 00305nam a2200121Ia 4500
008 - FIXED-LENGTH DATA ELEMENTS--GENERAL INFORMATION
fixed length control field 190802s9999 xx 000 0 und d
020 ## - INTERNATIONAL STANDARD BOOK NUMBER
International Standard Book Number 978-1-4939-4472-9
100 ## - MAIN ENTRY--PERSONAL NAME
Personal name Dick Grune Kees van
245 #0 - TITLE STATEMENT
Title Modern Compiler Design
260 ## - PUBLICATION, DISTRIBUTION, ETC. (IMPRINT)
Place of publication, distribution, etc New Delhi
Name of publisher, distributor, etc McGraw Hill
Date of publication, distribution, etc 2012
300 ## - PHYSICAL DESCRIPTION
Extent 822:p
942 ## - ADDED ENTRY ELEMENTS (KOHA)
Koha item type Books
Holdings
Withdrawn status Lost status Source of classification or shelving scheme Damaged status Not for loan Collection code Permanent Location Current Location Shelving location Date acquired Full call number Barcode Date last seen Price effective from Koha item type
          Computer Science MAJU MAJU Shelf No.A32 2019-08-03 5.453 8954 2019-08-03 2019-08-03 Computer Science

Powered by Koha